Psychic experiences: e.s.p. investigated (Record no. 31066)

MARC details
000 -LEADER
fixed length control field 00323nam a2200121Ia 4500
082 ## - DEWEY DECIMAL CLASSIFICATION NUMBER
Classification number 159.9:133
Item number OST
100 ## - MAIN ENTRY--AUTHOR NAME
Personal name Ostrander, Sheila
245 #0 - TITLE STATEMENT
Title Psychic experiences: e.s.p. investigated
260 ## - PUBLICATION, DISTRIBUTION, ETC. (IMPRINT)
Place of publication New York
Name of publisher Sterling
Year of publication 1977
700 ## - ADDED ENTRY--PERSONAL NAME
Personal name Schroeder, Lynn
942 ## - ADDED ENTRY ELEMENTS (KOHA)
Koha item type Books
Holdings
Withdrawn status Lost status Damaged status Not for loan Home library Current library Date acquired Cost, normal purchase price Full call number Accession Number Koha item type
        RRII Library RRII Library 16/12/2021 66.75 159.9:133 OST 11621 Books